000 00842nam a22002417a 4500
999 _c4087
_d4087
005 20251008082344.0
008 250114b ||||| |||| 00| 0 eng d
020 _a9780141322562
040 _cKH8
082 _a832 WAL
100 _aWALLIAMS,DAVID
_eAUTHOR
245 _aTHE BOY IN THE DRESS
260 _a80 Strand, London, WC2R 0RL, United Kingdom
_bPenguin Books
_c2008
300 _a231 Pages
_bBlack and white illustrations
_c21 cm x 14 cm
500 _aFirst published in 2008.
520 _aA humorous and heartfelt story about a boy who loves to wear dresses and the challenges and acceptance he finds.
521 _aAges 8-12
650 _2Children’s stories
_aJuvenile fiction
650 _2Humorous stories
_aJuvenile fiction
655 _aJuvenile fiction
700 _aBlake, Quentin
_eIllustrator
942 _2ddc
_cFIC